000
00343nam a2200169Ia 4500
001
1805
003
GE_BSU
008
181216s||||||||xx |||||||||||||| ||und||
040
_c
GE_BSU
245
_a
Kars. Gezi Rehberi.
260
_c
2010
300
_a
80 c. 20.
541
_h
3 L.
653
_a
.
653
_a
Kars. Gezi Rehberi
942
_c
BK
999
_c
35909
_d
35909